000 00875nam a22002297a 4500
999 _c173473
_d173473
003 dpl
005 20200226132833.0
008 200226b ||||| |||| 00| 0 eng d
010 _aB-004451
020 _c350.00
035 _aB-004451
040 _c0
050 _a827
_bकोहली
082 _a827
_bकोहली
100 _aकोहली,नरेन्द्र
245 _aरामलुभाया कहता है
_cनरेन्द्र कोहली
_hHN
246 _aRAMLUBHAYA KEHTA HAI
260 _aनयी दिल्ली
_bवाणी प्रकाशन
_c2000
270 _a21-ए,दरियागंज,
_bनयी दिल्ली
_dइंडिया
_e110002
300 _a376
_c14 सेमी
942 _2ddc
_cHN
_h827
_iकोहली
_k827
_mकोहली